000 01055nam a2200337 i 4500
999 _c65512
_d65512
001 768714001
003 CO-MdFUSB
005 20200519162001.0
007 ta
008 200325t1997 maua|||| |||| 00| 0 eng d
020 _a9780913573440
040 _aCO-MdFUSB
_bspa
_cCO-MdFUSB
_dCO-MdFUSBC
_erda
041 _aeng
082 _223
_a221.44
_bB83
100 _aBrenton, Lancelot Charles Lee.
_eautor
245 1 4 _aThe Septuagint with Apocrypha :
_bGreek and English.
_c/ Lancelot Charles Lee Brenton
264 1 _aMassachusetts :
_bHendrickson Publishers,
_c[1997]
264 4 _c© 1997
300 _a248 páginas
_c; 25 cm
336 _2rdacontent
_atexto
_btxt
337 _2rdamedia
_asin mediación
_bn
338 _2rdacarrier
_avolumen
_bnc
500 _aColección Dawn Christina Harrell
563 _aPasta dura
630 0 7 _aBiblia.
_pAntiguo Testamento
630 0 7 _aBiblia.
_pHebreo
653 _aSeptuaginta -- Antiguo Testamento -- Traducción Bíblica.
942 _cBK
945 _aJTF-925
_bAEM-53